000 00849nam a22001577a 4500
003 LRUA
005 20200131135424.0
008 200131b xxu||||| |||| 00| 0 eng d
040 _cRUA
082 _aAED LAY 2018 B657 Or.1
100 _914154
_aLAY PHEARUN ឡាយ ភារុន
245 _athe study on economicnefficiency of phka rodul rice production in trapeang thum khang cheung comnune, tram kok district, takeo province ការសិក្សារអំពីប្រសិទ្ធភាពសេដ្ឋកិច្ចនៃផលិតកម្មដំណាំស្រូវផ្ការំដួល នៅឃុំត្រពាំងធំខាងជើង ស្រុកត្រាំកក់ ខេត្តតាកែវ
260 _aRUA
_bPhnom penh
_c2018
300 _ax;42p
_bill;
_c29cm
942 _2ddc
_cAED
999 _c18858
_d18858